Представление документа в формате MARC21

Поле Инд. ПП Название Значение
Тип записи a
Библиографический уровень m
001 Контрольный номер RU/IS/BASE/361960864
005 Дата корректировки 20140703195440.8
020 a ISBN 5-06-000464-3
040 a Служба первич. каталог. НБ ТвГУ
b Код языка каталог. rus
e Правила каталог. PSBO
041 0_ a Код языка текста rus
080 a Индекс УДК 536.75(075.8)
080 a Индекс УДК 532(075.8)
084 a Индекс другой классификации/Индекс ББК В317.26я73-1
084 a Индекс другой классификации/Индекс ББК В253.3я73-1
090 a Полочн. индекс В317.2
x Авторский знак К 77
100 1_ a Автор Крайнов Владимир Павлович
q Полное имя Крайнов В. П.
245 10 a Заглавие Качественные методы в физической кинетике и гидрогазодинамике
b Продолж. заглавия учебное пособие для студентов физических специальностей вузов
260 a Место издания Москва
b Издательство Высшая школа
c Дата издания 1989
300 a Объем 223, [1] с.
b Иллюстрации/ тип воспроизводства ил.
504 a Библиография Библиогр.: с. 218 (27 назв.)
504 a Библиография Предм. указ.: с. 222
520 a Аннотация Пособие предназначено для изучения курса " Физическая кинетика", в нем изложены качественные методы решения основных задач физической кинетики и гидрогазодинамики, позволяющие правильно оценить порядки физических величин в различных неравновесных статистических процессах. Еще одна цель пособия - научить начинающих физиков приближенным подходам к постановке задач физической кинетики.
653 a Ключевые слова Аэромеханика
a Ключевые слова Газодинамика
a Ключевые слова Гидрогазодинамика
a Ключевые слова Гидродинамика
a Ключевые слова Гидромеханика
a Ключевые слова Качественные методы
a Ключевые слова Механика сплошных сред
a Ключевые слова Неравновесные процессы
a Ключевые слова Сплошные среды
a Ключевые слова Статистическая физика
a Ключевые слова Теоретическая физика
a Ключевые слова Учебники для вузов
a Ключевые слова Физика
a Ключевые слова Физическая кинетика
901 t Тип документа m
910 a гриф есть*
920 a Оператор Густ
930 a Новая/Ретро учебники
952 c Вид литературы К ру
954 a Дата поступления на обработку 20111024